000 00345pab a2200145 454500
008 180718b1988 xxu||||| |||| 00| 0 eng d
100 _aKakar, K.N.
245 _aModernisation of solid waste Management
260 _c1988
300 _a41-3
362 _aSept.
650 _aWaste, Utilization of
773 _aCivic Affairs
909 _a20554
999 _c20554
_d20554